Piłkarska kariera Matsa Hummelsa. - Statystyki

Ogólne statystyki
  • Ten quiz został rozwiązany 60 razy
  • Średni wynik to 6 z 7
Statystyki odpowiedzi
Lata Drużyna % Poprawnych
2007-2008 Bayern
100%
2009-2009 Bayern
100%
2016-2019 Bayern
100%
2008-2009 Borussia Dortmund
96%
2009-2016 Borussia Dortmund
96%
2019-teraz Borussia Dortmund
96%
2006-2007 Bayern II
18%
Nie znaleziono quizów pasujących do podanych kryteriów
Rozkład punktacji
Procent ludzi z każdym wynikiem
Percentyl według liczby udzielonych odpowiedzi
Twoja historia wyników
Nie rozwiązałeś tego quizu